Thể dục Pilates : Phương pháp rèn luyện cơ thể và tinh thần
Sách hướng dẫn phương pháp kết hợp sáng tạo giữa sức mạnh của tinh thần với sự vận động của cơ thể theo một cách thật sự hiệu quả và hứng thú.
Zapisane w:
| 1. autor: | |
|---|---|
| Format: | Książka |
| Język: | Undetermined |
| Wydane: |
Thanh Hóa
Nhà xuất bản Thanh Hóa
2007
|
| Hasła przedmiotowe: | |
| Etykiety: |
Dodaj etykietę
Nie ma etykietki, Dołącz pierwszą etykiete!
|
| Thư viện lưu trữ: | Trung tâm Học liệu Trường Đại học Cần Thơ |
|---|
| LEADER | 00877nam a2200217Ia 4500 | ||
|---|---|---|---|
| 001 | CTU_133265 | ||
| 008 | 210402s9999 xx 000 0 und d | ||
| 020 | |c 19000 | ||
| 082 | |a 613.7 | ||
| 082 | |b P637 | ||
| 100 | |a Pilates, Joseph H. | ||
| 245 | 0 | |a Thể dục Pilates : | |
| 245 | 0 | |b Phương pháp rèn luyện cơ thể và tinh thần | |
| 245 | 0 | |c Joseph H. Pilates | |
| 260 | |a Thanh Hóa | ||
| 260 | |b Nhà xuất bản Thanh Hóa | ||
| 260 | |c 2007 | ||
| 520 | |a Sách hướng dẫn phương pháp kết hợp sáng tạo giữa sức mạnh của tinh thần với sự vận động của cơ thể theo một cách thật sự hiệu quả và hứng thú. | ||
| 650 | |a Physical fitness,Dưỡng sinh | ||
| 904 | |i Trọng Hải | ||
| 980 | |a Trung tâm Học liệu Trường Đại học Cần Thơ | ||